| 000 | 00744cab a2200241 4500 | ||
|---|---|---|---|
| 001 | WB3444-14 | ||
| 008 | 090401t1998 xxu||||| |||| 00| 0 eng d | ||
| 035 | _a(Sirsi) u89858 | ||
| 041 | _aeng | ||
| 245 | _aOil and gas projects | ||
| 260 | _c1998 | ||
| 350 | _a0 | ||
| 490 |
_aDTI Press Notice _v(908) 17 November 1998 (2) |
||
| 520 | _aThe Energy Minister has announced proposals for regulations to assess the environmental impact of onshore gas pipelines and offshore oil and gas projects. | ||
| 650 | _aENVIRONMENTAL IMPACT | ||
| 650 | _aOFFSHORE GAS | ||
| 650 | _aOFFSHORE OIL | ||
| 650 | _aONSHORE GAS PIPELINES | ||
| 650 | _aPIPELINES | ||
| 690 | _aENVIRONMENTAL AND LAND CONSULTANCY | ||
| 942 | _n0 | ||
| 948 | _c20/11/1998 | ||
| 999 |
_c56886 _d56886 |
||